LEADER 01822nam0 22003733i 450 001 TO00632404 005 20231121125839.0 010 $a0691035423 100 $a20071016d1976 ||||0itac50 ba 101 | $aeng 102 $aus 181 1$6z01$ai $bxxxe 182 1$6z01$an 200 1 $a˜The œPrinceton encyclopedia of classical sites$fRichard Stillwell editor$gWilliam L. MacDonald associate editor$gMarian Holland McAllister assistant editor 210 $aPrinceton$cPrinceton University press$d1976 215 $aXXII, 1019, 24 p. di tav.$cill.$d28 cm 606 $aArcheologia$xEnciclopedie e dizionari$2FIR$3RMLC002537$9I 606 $aAntichita classiche$xEnciclopedie e dizionari$2FIR$3RMLC077180$9I 702 1$aStillwell$b, Richard$3IEIV028803 702 1$aMcAllister$b, Marian Holland$3NAPV068551 702 1$aMacDonald$b, William L.$3SBLV035120 790 1$aHolland McAllister$b, Marian$3CFIV266542$zMcAllister, Marian Holland 790 1$aMacAllister$b, Marian Holland$3NAPV200410$zMcAllister, Marian Holland 790 1$aMacDonald$b, William Lloyd$3CFIV166173$zMacDonald, William L. 801 3$aIT$bIT-01$c20071016 850 $aIT-RM028 $aIT-RM0285 $aIT-FR0017 899 $aBiblioteca Universitaria Alessandrina$bRM028 899 $aBiblioteca Dell'Istituto Nazionale Di Studi Romani$bRM0285 899 $aBiblioteca umanistica Giorgio Aprea$bFR0017 912 $aTO00632404 950 0$aBiblioteca umanistica Giorgio Aprea$d 52CIS S.Sij.E4 Princ.Enc.Sti.$e 52VM 0000126415 VM barcode:00072069. - Inventario:949 ATENEO. - Fondo:Fondo SijpesteijnVM$fB $h19600101$i20121204 977 $a 01$a 13$a 52 996 $aPrinceton encyclopedia of classical sites$9287566 997 $aUNICAS LEADER 01813nam1 22003611i 450 001 UON00326443 005 20231205104202.186 100 $a20090714g19741983 |0itac50 ba 101 $arum 102 $aRO 105 $a|||| 1|||| 200 1 $aOpere$fIon Minulescu$gEditie ingrijita, tabel cronologic, note si variante de Emil Manu$gPrefata de Mihai Gafita 210 $aBucuresti$cMinerva$d1974-1983 215 $a4 v.$ctav.$d20 cm. 311 $aVol. 4.$9UON00345549 311 $aVol. 3.$9UON00334918 311 $aVol. 2.$9UON00345538 311 $aVol. 1.$9UON00334914 410 1$1001UON00332227$12001 $aScriitori Romani 463 0$1001UON00345549$12001 $aPublicistica$fIon Minulescu$gEditie ingrijita si note de Emil Manu$1210 $aBucuresti$cMinerva$d1983$1215 $a677 p.$ctav.$d20 cm.$vVol. 4. 463 0$1001UON00334918$12001 $aSchite si nuvele$aRomane$fIon Minulescu$gEditie ingrijita de Emil Manu$1210 $aBucuresti$cMinerva$d1978$1215 $a583 p.$ctav.$d20 cm.$vVol. 3. 463 0$1001UON00345538$12001 $aTeatru$fIon Minulescu$gEditie ingrijita, note de Emil Manu$gPrefata de Mihail Gafita$1210 $aBucuresti$cMinerva$d1976$1215 $a399 p.$ctav.$d20 cm.$vVol. 2. 463 0$1001UON00334914$12001 $aVersuri$fIon Minulescu$gEditie ingrijita, tabel cronologic, note si variante de Emil Manu$gPrefata de Mihail Gafita$1210 $aBucuresti$cMinerva$d1974$1215 $aLXXIV, 619 p.$ctav.$d20 cm.$vVol. 1. 620 $aRO$dBucure?ti$3UONL000071 676 $a859$cLetteratura romena e letterature ladine$v21 700 1$aMINULESCU$bIon$3UONV185839$0634749 702 1$aGAFITA$bMihai$3UONV185827 702 1$aMANU$bEmil$3UONV164614 712 $aEditura Minerva$3UONV275495$4650 801 $aIT$bSOL$c20240220$gRICA 912 $aUON00326443 996 $aOpere$91210005 997 $aUNIOR